[Event "Icelandic Team Championship 2021"]
[Site "Reykjavik"]
[Date "2021.10.02"]
[Round "3.20"]
[White "Bjornsson, Sigurbjorn"]
[Black "Einarsson, Halldor Gretar"]
[Result "1-0"]
[WhiteElo "2306"]
[BlackElo "2227"]

1. e4 {[%clk 01:30:58]} c5 {[%clk 01:30:44]} {[%emt 00:03:07]} 2. Nf3 {[%clk
01:31:14]} {[%emt 00:00:14]} Nc6 {[%clk 01:31:06]} {[%emt 00:00:08]} 3. d4
{[%clk 01:30:20]} {[%emt 00:01:25]} cxd4 {[%clk 01:31:28]} {[%emt 00:00:08]} 4.
Nxd4 {[%clk 01:30:47]} {[%emt 00:00:03]} Nf6 {[%clk 01:31:48]} {[%emt
00:00:10]} 5. Nc3 {[%clk 01:31:11]} {[%emt 00:00:05]} e5 {[%clk 01:31:52]}
{[%emt 00:00:25]} 6. Ndb5 {[%clk 01:31:37]} {[%emt 00:00:05]} d6 {[%clk
01:32:14]} {[%emt 00:00:08]} 7. Bg5 {[%clk 01:29:28]} {[%emt 00:02:40]} a6
{[%clk 01:31:56]} {[%emt 00:00:48]} 8. Na3 {[%clk 01:29:50]} {[%emt 00:00:08]}
b5 {[%clk 01:31:55]} {[%emt 00:00:31]} 9. Nd5 {[%clk 01:30:00]} {[%emt
00:00:21]} Be7 {[%clk 01:32:14]} {[%emt 00:00:10]} 10. Bxf6 {[%clk 01:30:04]}
{[%emt 00:00:27]} Bxf6 {[%clk 01:32:35]} {[%emt 00:00:09]} 11. c3 {[%clk
01:30:11]} {[%emt 00:00:23]} Bg5 {[%clk 01:32:00]} {[%emt 00:01:05]} 12. Nc2
{[%clk 01:30:22]} {[%emt 00:00:19]} O-O {[%clk 01:32:02]} {[%emt 00:00:28]} 13.
a4 {[%clk 01:30:06]} {[%emt 00:00:46]} bxa4 {[%clk 01:30:54]} {[%emt 00:01:40]}
14. Rxa4 {[%clk 01:30:30]} {[%emt 00:00:04]} a5 {[%clk 01:29:46]} {[%emt
00:01:37]} 15. Bc4 {[%clk 01:30:20]} {[%emt 00:00:40]} Rb8 {[%clk 01:28:10]}
{[%emt 00:02:06]} 16. b3 {[%clk 01:30:29]} {[%emt 00:00:22]} Kh8 {[%clk
01:28:03]} {[%emt 00:00:36]} 17. Nce3 {[%clk 01:30:20]} {[%emt 00:00:40]} Ne7
{[%clk 01:25:35]} {[%emt 00:02:57]} 18. O-O {[%clk 01:30:18]} {[%emt 00:00:33]}
Nxd5 {[%clk 01:23:18]} {[%emt 00:02:47]} 19. Nxd5 {[%clk 01:24:29]} {[%emt
00:06:19]} f5 {[%clk 01:18:16]} {[%emt 00:05:32]} 20. Qe2 {[%clk 01:24:07]}
{[%emt 00:00:52]} Bd7 {[%clk 01:02:17]} {[%emt 00:16:30]} 21. Ra2 {[%clk
01:23:38]} {[%emt 00:00:59]} fxe4 {[%clk 00:58:46]} {[%emt 00:04:02]} 22. Qxe4
{[%clk 01:23:21]} {[%emt 00:00:47]} Bf5 {[%clk 00:55:39]} {[%emt 00:03:37]} 23.
Qe2 {[%clk 01:23:14]} {[%emt 00:00:36]} Rc8 {[%clk 00:53:22]} {[%emt 00:02:47]}
24. Rd1 {[%clk 01:18:46]} {[%emt 00:04:58]} Rc5 {[%clk 00:47:36]} {[%emt
00:06:16]} 25. Ne3 {[%clk 01:13:22]} {[%emt 00:05:55]} Be4 {[%clk 00:37:34]}
{[%emt 00:10:31]} 26. Rad2 {[%clk 01:10:21]} {[%emt 00:03:31]} Rc6 {[%clk
00:31:41]} {[%emt 00:06:23]} 27. h4 {[%clk 00:42:32]} {[%emt 00:28:20]} Bh6
{[%clk 00:20:34]} {[%emt 00:11:36]} 28. Ng4 {[%clk 00:39:02]} {[%emt 00:04:01]}
Bxd2 {[%clk 00:19:04]} {[%emt 00:02:00]} 29. Qxe4 {[%clk 00:38:55]} {[%emt
00:00:37]} Qc8 {[%clk 00:17:58]} {[%emt 00:01:35]} 30. Nxe5 {[%clk 00:35:02]}
{[%emt 00:04:24]} dxe5 {[%clk 00:13:57]} {[%emt 00:04:31]} 31. Rxd2 {[%clk
00:32:56]} {[%emt 00:02:36]} Qc7 {[%clk 00:13:04]} {[%emt 00:01:22]} 32. Rd5
{[%clk 00:31:49]} {[%emt 00:01:37]} Qb6 {[%clk 00:10:35]} {[%emt 00:02:59]} 33.
Qe2 {[%clk 00:29:21]} {[%emt 00:02:58]} Rcf6 {[%clk 00:10:37]} {[%emt
00:00:27]} 34. Qe3 {[%clk 00:27:57]} {[%emt 00:01:55]} Qxe3 {[%clk 00:06:11]}
{[%emt 00:04:56]} 35. fxe3 {[%clk 00:28:26]} {[%emt 00:00:01]} a4 {[%clk
00:06:27]} {[%emt 00:00:13]} 36. bxa4 {[%clk 00:28:23]} {[%emt 00:00:32]} Rc6
{[%clk 00:06:52]} {[%emt 00:00:06]} 37. Bb5 {[%clk 00:27:44]} {[%emt 00:01:10]}
Rxc3 {[%clk 00:07:14]} {[%emt 00:00:08]} 38. Rxe5 {[%clk 00:28:06]} {[%emt
00:00:07]} Ra3 {[%clk 00:07:00]} {[%emt 00:00:44]} 39. h5 {[%clk 00:27:34]}
{[%emt 00:01:02]} Ra2 {[%clk 00:05:27]} {[%emt 00:02:02]} 40. Kh2 {[%clk
00:27:32]} {[%emt 00:00:34]} Raf2 {[%clk 00:02:45]} {[%emt 00:03:12]} 41. e4
{[%clk 00:25:55]} {[%emt 00:02:07]} Ra2 {[%clk 00:03:01]} {[%emt 00:00:14]} 42.
Re7 {[%clk 00:24:27]} {[%emt 00:01:58]} Ra3 {[%clk 00:01:03]} {[%emt 00:02:28]}
43. e5 {[%clk 00:22:54]} {[%emt 00:02:03]} Re3 {[%clk 00:00:33]} {[%emt
00:01:00]} 44. e6 {[%clk 00:20:00]} {[%emt 00:03:24]} h6 {[%clk 00:00:58]}
{[%emt 00:00:05]} 45. Rf7 {[%clk 00:19:08]} {[%emt 00:01:23]} Kg8 {[%clk
00:01:04]} {[%emt 00:00:24]} 46. Rc7 {[%clk 00:17:05]} {[%emt 00:02:33]} Rf5
{[%clk 00:00:41]} {[%emt 00:00:53]} 47. e7 {[%clk 00:07:20]} {[%emt 00:10:15]}
Rxh5+ {[%clk 00:01:03]} {[%emt 00:00:09]} 48. Kg1 {[%clk 00:07:45]} {[%emt
00:00:04]} Rhe5 {[%clk 00:01:24]} {[%emt 00:00:09]} 49. Rc8+ {[%clk 00:07:24]}
{[%emt 00:00:51]} Kf7 {[%clk 00:01:14]} {[%emt 00:00:40]} 50. e8=Q+ {[%clk
00:07:44]} {[%emt 00:00:09]} Rxe8 {[%clk 00:01:36]} {[%emt 00:00:08]} 51. Bxe8+
{[%clk 00:08:08]} {[%emt 00:00:07]} Rxe8 {[%clk 00:01:58]} {[%emt 00:00:08]} 52.
Rxe8 {[%clk 00:08:33]} {[%emt 00:00:04]} Kxe8 {[%clk 00:02:21]} {[%emt
00:00:07]} 53. Kf2 {[%clk 00:08:57]} {[%emt 00:00:07]} Kd7 {[%clk 00:01:47]}
{[%emt 00:01:04]} 54. Kf3 {[%clk 00:08:56]} {[%emt 00:00:32]} Kd6 {[%clk
00:01:57]} {[%emt 00:00:19]} 55. Kf4 {[%clk 00:08:47]} {[%emt 00:00:38]} g6
{[%clk 00:02:04]} {[%emt 00:00:23]} 56. a5 {[%clk 00:08:42]} {[%emt 00:00:35]}
Kc5 {[%clk 00:02:20]} {[%emt 00:00:15]} 57. Ke5 {[%clk 00:09:05]} {[%emt
00:00:07]} Kb5 {[%emt 00:00:07]} 1-0

[Event "Icelandic Team Championship 2021"]
[Site "Reykjavik"]
[Date "2021.10.02"]
[Round "3.21"]
[White "Hreinsson, Hlidar"]
[Black "Heimisson, Hilmir Freyr"]
[Result "0-1"]
[WhiteElo "2189"]
[BlackElo "2286"]

1. e4 {[%clk 01:30:56]} {[%emt 00:00:03]} e5 {[%clk 01:29:21]} {[%emt
00:01:39]} 2. Nf3 {[%clk 01:31:11]} {[%emt 00:00:16]} Nf6 {[%clk 01:29:42]}
{[%emt 00:00:09]} 3. Nxe5 {[%clk 01:25:04]} {[%emt 00:06:37]} d6 {[%clk
01:29:50]} {[%emt 00:00:21]} 4. Nf3 {[%clk 01:24:51]} {[%emt 00:00:44]} Nxe4
{[%clk 01:29:18]} {[%emt 00:01:02]} 5. d3 {[%clk 01:18:42]} {[%emt 00:06:40]}
Nf6 {[%clk 01:29:19]} {[%emt 00:00:26]} 6. Be2 {[%clk 01:18:43]} {[%emt
00:00:31]} d5 {[%clk 01:25:56]} {[%emt 00:03:53]} 7. Bg5 {[%clk 01:14:25]}
{[%emt 00:04:48]} h6 {[%clk 01:08:29]} {[%emt 00:17:57]} 8. Bh4 {[%clk
01:13:19]} {[%emt 00:01:36]} d4 {[%clk 01:07:24]} {[%emt 00:01:35]} 9. c3
{[%clk 01:11:50]} {[%emt 00:01:59]} c5 {[%clk 01:07:32]} {[%emt 00:00:23]} 10.
Nbd2 {[%clk 01:08:42]} {[%emt 00:03:38]} Nc6 {[%clk 01:05:02]} {[%emt
00:03:00]} 11. Ne4 {[%clk 00:50:52]} {[%emt 00:18:20]} Be7 {[%clk 01:03:26]}
{[%emt 00:02:06]} 12. cxd4 {[%clk 00:41:01]} {[%emt 00:10:21]} Nxe4 {[%clk
00:49:54]} {[%emt 00:14:02]} 13. Bxe7 {[%clk 00:40:55]} {[%emt 00:00:36]} Qa5+
{[%clk 00:47:54]} {[%emt 00:02:31]} 14. Kf1 {[%clk 00:40:24]} {[%emt 00:01:01]}
Nxf2 {[%clk 00:46:36]} {[%emt 00:01:48]} 15. Kxf2 {[%clk 00:39:23]} {[%emt
00:01:31]} Nxe7 {[%clk 00:46:59]} {[%emt 00:00:06]} 16. dxc5 {[%clk 00:36:17]}
{[%emt 00:03:37]} Qxc5+ {[%clk 00:47:18]} {[%emt 00:00:11]} 17. d4 {[%clk
00:36:41]} {[%emt 00:00:07]} Qb6 {[%clk 00:40:26]} {[%emt 00:07:21]} 18. Qb3
{[%clk 00:33:23]} {[%emt 00:03:49]} Qxb3 {[%clk 00:31:14]} {[%emt 00:09:42]} 19.
axb3 {[%clk 00:33:46]} {[%emt 00:00:06]} Be6 {[%clk 00:31:41]} {[%emt
00:00:03]} 20. Bc4 {[%clk 00:33:04]} {[%emt 00:01:12]} O-O {[%clk 00:26:33]}
{[%emt 00:05:38]} 21. Rhe1 {[%clk 00:23:49]} {[%emt 00:09:46]} Nd5 {[%clk
00:25:02]} {[%emt 00:02:01]} 22. Ra5 {[%clk 00:19:04]} {[%emt 00:05:16]} Rfd8
{[%clk 00:22:06]} {[%emt 00:03:25]} 23. Re5 {[%clk 00:17:38]} {[%emt 00:01:56]}
Nf4 {[%clk 00:18:28]} {[%emt 00:04:08]} 24. Kg3 {[%clk 00:17:11]} {[%emt
00:00:58]} b6 {[%clk 00:14:41]} {[%emt 00:04:18]} 25. Ra1 {[%clk 00:13:26]}
{[%emt 00:04:15]} Nd5 {[%clk 00:13:50]} {[%emt 00:01:20]} 26. Nh4 {[%clk
00:12:05]} {[%emt 00:01:50]} a5 {[%clk 00:09:50]} {[%emt 00:04:31]} 27. Rae1
{[%clk 00:08:29]} {[%emt 00:04:06]} Ra7 {[%clk 00:09:38]} {[%emt 00:00:42]} 28.
Nf3 {[%clk 00:05:41]} {[%emt 00:03:19]} Rc7 {[%clk 00:06:41]} {[%emt 00:03:26]}
29. R5e2 {[%clk 00:05:49]} {[%emt 00:00:22]} Rd6 {[%clk 00:06:19]} {[%emt
00:00:52]} 30. Re5 {[%clk 00:05:27]} {[%emt 00:00:52]} g6 {[%clk 00:05:13]}
{[%emt 00:01:36]} 31. R5e2 {[%clk 00:03:17]} {[%emt 00:02:41]} Kg7 {[%clk
00:05:27]} {[%emt 00:00:16]} 32. Re5 {[%clk 00:03:41]} {[%emt 00:00:06]} Rcd7
{[%clk 00:04:03]} {[%emt 00:01:54]} 33. Bb5 {[%emt 00:00:21]} Rb7 {[%clk
00:04:04]} {[%emt 00:00:27]} 34. Rc1 {[%clk 00:03:34]} {[%emt 00:00:47]} Nb4
{[%clk 00:02:45]} {[%emt 00:01:49]} 35. Re3 {[%clk 00:03:49]} {[%emt 00:00:15]}
Bd5 {[%clk 00:02:41]} {[%emt 00:00:34]} 36. Ne5 {[%clk 00:02:51]} {[%emt
00:01:28]} Re7 {[%clk 00:02:34]} {[%emt 00:00:29]} 37. Kf2 {[%clk 00:02:33]}
{[%emt 00:00:56]} Rf6+ {[%clk 00:02:40]} {[%emt 00:00:23]} 38. Nf3 {[%clk
00:01:46]} {[%emt 00:01:18]} Rxe3 {[%clk 00:02:43]} {[%emt 00:00:27]} 39. Kxe3
{[%clk 00:02:15]} Bxb3 {[%clk 00:03:10]} {[%emt 00:00:03]} 40. Rc8 {[%clk
00:01:27]} {[%emt 00:01:18]} Nd5+ {[%clk 00:02:50]} {[%emt 00:00:50]} 41. Kd2
{[%clk 00:01:42]} {[%emt 00:00:15]} Nf4 {[%clk 00:02:42]} {[%emt 00:00:38]} 42.
Ne1 {[%clk 00:01:20]} {[%emt 00:00:52]} Bd5 {[%clk 00:02:09]} {[%emt 00:01:04]}
43. g3 {[%emt 00:01:16]} Nh3 {[%emt 00:00:16]} 44. Nd3 {[%clk 00:01:40]} Ng5
{[%clk 00:01:13]} {[%emt 00:01:03]} 45. Nf4 {[%clk 00:02:01]} {[%emt 00:00:09]}
Ba2 {[%clk 00:01:09]} {[%emt 00:00:34]} 46. Rb8 {[%clk 00:01:44]} {[%emt
00:00:47]} Nf3+ {[%clk 00:01:12]} {[%emt 00:00:27]} 47. Kc3 {[%clk 00:01:47]}
{[%emt 00:00:27]} Rd6 {[%clk 00:01:10]} {[%emt 00:00:32]} 48. Ne2 {[%clk
00:02:05]} {[%emt 00:00:12]} Nxh2 {[%clk 00:01:13]} {[%emt 00:00:27]} 49. b3
{[%clk 00:02:18]} {[%emt 00:00:17]} Bb1 {[%clk 00:01:34]} {[%emt 00:00:09]} 50.
Bc4 {[%clk 00:02:26]} {[%emt 00:00:22]} Nf3 {[%clk 00:01:22]} {[%emt 00:00:41]}
51. Nf4 {[%clk 00:01:46]} {[%emt 00:01:11]} Be4 {[%clk 00:01:11]} {[%emt
00:00:41]} 52. Re8 {[%clk 00:01:49]} {[%emt 00:00:27]} Ng5 {[%clk 00:01:22]}
{[%emt 00:00:19]} 53. d5 {[%clk 00:01:32]} {[%emt 00:00:48]} Bf5 {[%clk
00:01:06]} {[%emt 00:00:46]} 54. Kd4 {[%clk 00:01:38]} {[%emt 00:00:23]} Nf3+
{[%clk 00:01:01]} {[%emt 00:00:35]} 55. Ke3 {[%clk 00:01:56]} {[%emt 00:00:12]}
Ng5 {[%clk 00:01:23]} {[%emt 00:00:09]} 56. Kd4 {[%clk 00:02:22]} {[%emt
00:00:03]} Nh7 {[%clk 00:01:15]} {[%emt 00:00:38]} 57. Ke5 {[%clk 00:01:59]}
{[%emt 00:00:54]} Rd7 {[%clk 00:01:29]} {[%emt 00:00:15]} 58. d6 {[%clk
00:01:22]} {[%emt 00:01:07]} Nf6 {[%clk 00:01:13]} {[%emt 00:00:46]} 59. Re7
{[%clk 00:01:03]} {[%emt 00:00:49]} Ng4+ {[%clk 00:01:38]} {[%emt 00:00:06]} 60.
Kd5 {[%clk 00:01:03]} {[%emt 00:00:31]} Kf8 {[%clk 00:01:01]} {[%emt 00:01:05]}
61. Re1 {[%emt 00:00:47]} g5 {[%clk 00:00:49]} {[%emt 00:00:41]} 62. Nd3 {[%clk
00:00:48]} {[%emt 00:00:30]} Rd8 {[%clk 00:00:38]} {[%emt 00:00:41]} 63. Kc6
{[%clk 00:00:47]} {[%emt 00:00:31]} Nf6 {[%clk 00:00:39]} {[%emt 00:00:29]} 64.
Rf1 {[%clk 00:00:44]} {[%emt 00:00:32]} Be4+ {[%clk 00:00:40]} {[%emt
00:00:29]} 65. Kc7 {[%clk 00:00:33]} {[%emt 00:00:42]} Rd7+ {[%clk 00:01:04]}
{[%emt 00:00:05]} 66. Kc8 {[%clk 00:00:57]} {[%emt 00:00:06]} Rxd6 {[%clk
00:00:58]} {[%emt 00:00:36]} 67. Ne5 {[%clk 00:01:20]} {[%emt 00:00:07]} Kg7
{[%clk 00:00:56]} {[%emt 00:00:32]} 68. Kc7 {[%clk 00:01:35]} {[%emt 00:00:15]}
Ne8+ {[%clk 00:01:02]} {[%emt 00:00:23]} 69. Kc8 {[%clk 00:01:57]} {[%emt
00:00:09]} f6 {[%clk 00:01:08]} {[%emt 00:00:24]} 70. Nd7 {[%clk 00:01:15]}
{[%emt 00:01:12]} f5 {[%clk 00:00:37]} {[%emt 00:01:02]} 71. Ne5 {[%clk
00:01:15]} {[%emt 00:00:30]} Rd2 {[%clk 00:00:41]} {[%emt 00:00:26]} 72. Be6
{[%clk 00:01:03]} {[%emt 00:00:42]} b5 {[%clk 00:00:46]} {[%emt 00:00:25]} 73.
Bd7 {[%clk 00:01:21]} {[%emt 00:00:13]} Nf6 {[%clk 00:00:43]} {[%emt 00:00:32]}
74. Be6 {[%clk 00:01:08]} {[%emt 00:00:43]} a4 {[%clk 00:00:57]} {[%emt
00:00:16]} 75. bxa4 {[%clk 00:01:30]} {[%emt 00:00:08]} bxa4 {[%clk 00:01:26]}
{[%emt 00:00:01]} 76. Ra1 {[%clk 00:01:50]} {[%emt 00:00:10]} Rd4 {[%clk
00:01:15]} {[%emt 00:00:40]} 77. Rc1 {[%clk 00:02:17]} {[%emt 00:00:04]} Ne8
{[%clk 00:01:07]} {[%emt 00:00:37]} 78. Bd7 {[%clk 00:02:36]} {[%emt 00:00:11]}
Nd6+ {[%clk 00:00:58]} {[%emt 00:00:39]} 79. Kc7 {[%clk 00:02:37]} {[%emt
00:00:30]} a3 {[%clk 00:01:06]} {[%emt 00:00:22]} 80. Ra1 {[%clk 00:03:00]}
{[%emt 00:00:07]} Nc4 {[%clk 00:01:29]} {[%emt 00:00:06]} 0-1

[Event "Icelandic Team Championship 2021"]
[Site "Reykjavik"]
[Date "2021.10.02"]
[Round "3.22"]
[White "Johannesson, Oliver"]
[Black "Dadason, Gudmundur"]
[Result "1/2-1/2"]
[WhiteElo "2238"]
[BlackElo "2119"]

1. d4 {[%clk 01:30:35]} {[%emt 00:00:21]} Nf6 {[%clk 01:30:49]} {[%emt
00:00:11]} 2. c4 {[%clk 01:30:41]} {[%emt 00:00:24]} e6 {[%clk 01:30:20]}
{[%emt 00:00:59]} 3. Nc3 {[%clk 01:30:53]} {[%emt 00:00:19]} d5 {[%clk
01:30:43]} {[%emt 00:00:07]} 4. cxd5 {[%clk 01:29:00]} {[%emt 00:02:23]} exd5
{[%clk 01:28:37]} {[%emt 00:02:36]} 5. Bg5 {[%clk 01:29:01]} {[%emt 00:00:29]}
Be7 {[%clk 01:28:24]} {[%emt 00:00:42]} 6. e3 {[%clk 01:29:14]} {[%emt
00:00:17]} c6 {[%clk 01:27:50]} {[%emt 00:01:03]} 7. Bd3 {[%clk 01:29:07]}
{[%emt 00:00:38]} Be6 {[%clk 01:27:28]} {[%emt 00:00:52]} 8. Nge2 {[%clk
01:28:59]} {[%emt 00:00:38]} O-O {[%clk 01:26:24]} {[%emt 00:01:34]} 9. Qc2
{[%clk 01:24:23]} {[%emt 00:05:06]} Nbd7 {[%clk 01:25:37]} {[%emt 00:01:16]} 10.
O-O {[%clk 01:23:14]} {[%emt 00:01:40]} Re8 {[%clk 01:25:22]} {[%emt 00:00:45]}
11. f3 {[%clk 01:21:58]} {[%emt 00:01:46]} Nf8 {[%clk 01:24:51]} {[%emt
00:01:00]} 12. Rae1 {[%clk 01:18:31]} {[%emt 00:03:57]} Nh5 {[%clk 01:21:53]}
{[%emt 00:03:29]} 13. Bxe7 {[%clk 01:18:06]} {[%emt 00:00:55]} Qxe7 {[%clk
01:22:14]} {[%emt 00:00:08]} 14. e4 {[%clk 01:15:00]} {[%emt 00:03:37]} dxe4
{[%clk 01:21:23]} {[%emt 00:01:21]} 15. fxe4 {[%clk 01:12:27]} {[%emt
00:03:04]} Rad8 {[%clk 01:18:32]} {[%emt 00:03:21]} 16. e5 {[%clk 00:58:28]}
{[%emt 00:14:28]} 1/2-1/2

[Event "Icelandic Team Championship 2021"]
[Site "Reykjavik"]
[Date "2021.10.02"]
[Round "3.23"]
[White "Briem, Stephan"]
[Black "Halldorsson, Jon Arni"]
[Result "1-0"]
[WhiteElo "2095"]
[BlackElo "2103"]

1. d4 {[%clk 01:30:51]} {[%emt 00:00:04]} d5 {[%clk 01:30:49]} {[%emt
00:00:11]} 2. c4 {[%clk 01:30:27]} {[%emt 00:00:53]} c6 {[%clk 01:31:05]}
{[%emt 00:00:14]} 3. Nc3 {[%clk 01:29:57]} {[%emt 00:01:01]} Nf6 {[%clk
01:31:04]} {[%emt 00:00:31]} 4. cxd5 {[%clk 01:28:45]} {[%emt 00:01:42]} cxd5
{[%clk 01:31:26]} {[%emt 00:00:08]} 5. f3 {[%clk 01:28:35]} {[%emt 00:00:40]}
Qb6 {[%clk 01:31:05]} {[%emt 00:00:51]} 6. e4 {[%clk 01:27:48]} {[%emt
00:01:16]} dxe4 {[%clk 01:30:33]} {[%emt 00:01:03]} 7. fxe4 {[%clk 01:28:10]}
{[%emt 00:00:07]} e5 {[%clk 01:30:16]} {[%emt 00:00:47]} 8. Bb5+ {[%clk
01:26:54]} {[%emt 00:01:46]} Bd7 {[%clk 01:27:39]} {[%emt 00:03:08]} 9. dxe5
{[%clk 01:23:33]} {[%emt 00:03:51]} Bxb5 {[%clk 01:26:02]} {[%emt 00:02:07]} 10.
exf6 {[%clk 01:23:49]} {[%emt 00:00:14]} Bc5 {[%clk 01:13:26]} {[%emt
00:13:06]} 11. Nxb5 {[%clk 00:52:37]} {[%emt 00:31:42]} Qxb5 {[%clk 01:13:22]}
{[%emt 00:00:34]} 12. fxg7 {[%clk 00:46:22]} {[%emt 00:06:44]} Rg8 {[%clk
01:09:32]} {[%emt 00:04:20]} 13. Qe2 {[%clk 00:34:39]} {[%emt 00:12:14]} Qxe2+
{[%clk 01:00:21]} {[%emt 00:09:41]} 14. Nxe2 {[%clk 00:33:49]} {[%emt
00:01:19]} Rxg7 {[%clk 01:00:44]} {[%emt 00:00:07]} 15. g3 {[%clk 00:29:26]}
{[%emt 00:04:53]} Nc6 {[%clk 01:00:29]} {[%emt 00:00:46]} 16. Bd2 {[%clk
00:26:21]} {[%emt 00:03:34]} Rg4 {[%clk 00:57:37]} {[%emt 00:03:21]} 17. Nf4
{[%clk 00:17:54]} {[%emt 00:08:58]} Ne5 {[%clk 00:35:34]} {[%emt 00:22:34]} 18.
Bc3 {[%clk 00:15:25]} {[%emt 00:02:58]} Ng6 {[%clk 00:33:38]} {[%emt 00:02:26]}
19. Rf1 {[%clk 00:13:07]} {[%emt 00:02:46]} O-O-O {[%clk 00:31:34]} {[%emt
00:02:37]} 20. Ke2 {[%clk 00:11:54]} {[%emt 00:01:43]} h5 {[%clk 00:24:00]}
{[%emt 00:08:03]} 21. Rac1 {[%clk 00:06:32]} {[%emt 00:05:52]} Kb8 {[%clk
00:23:00]} {[%emt 00:01:31]} 22. Rcd1 {[%clk 00:04:57]} {[%emt 00:02:05]} Re8
{[%clk 00:20:55]} {[%emt 00:02:35]} 23. Kf3 {[%clk 00:01:55]} {[%emt 00:03:32]}
f5 {[%clk 00:18:24]} {[%emt 00:03:01]} 24. Rfe1 {[%clk 00:01:15]} {[%emt
00:01:09]} fxe4+ {[%clk 00:05:44]} {[%emt 00:13:11]} 25. Rxe4 {[%clk 00:01:43]}
{[%emt 00:00:01]} Rxe4 {[%clk 00:06:08]} {[%emt 00:00:06]} 26. Kxe4 {[%clk
00:02:09]} {[%emt 00:00:04]} Kc7 {[%clk 00:05:31]} {[%emt 00:01:08]} 27. Rd3
{[%clk 00:00:42]} {[%emt 00:01:56]} Kc6 {[%clk 00:04:57]} {[%emt 00:01:05]} 28.
Rf3 {[%clk 00:00:40]} {[%emt 00:00:32]} Ne7 {[%clk 00:01:00]} {[%emt 00:04:27]}
29. h3 {[%clk 00:00:34]} {[%emt 00:00:36]} Rg5 {[%clk 00:00:43]} {[%emt
00:00:47]} 30. Ne6 {[%clk 00:00:39]} {[%emt 00:00:25]} Rd5 {[%clk 00:00:46]}
{[%emt 00:00:27]} 31. Rf7 {[%clk 00:00:38]} {[%emt 00:00:30]} Rd7 {[%clk
00:00:33]} {[%emt 00:00:44]} 32. Nxc5 {[%clk 00:00:58]} {[%emt 00:00:10]} Kxc5
{[%clk 00:00:57]} {[%emt 00:00:07]} 33. a3 {[%clk 00:00:42]} {[%emt 00:00:46]}
Kc6 {[%clk 00:00:41]} {[%emt 00:00:46]} 34. Bb4 {[%clk 00:00:43]} {[%emt
00:00:29]} Nd5 {[%clk 00:00:54]} {[%emt 00:00:17]} 35. Rxd7 {[%clk 00:01:03]}
{[%emt 00:00:09]} Nf6+ {[%clk 00:01:16]} {[%emt 00:00:09]} 36. Kf5 {[%clk
00:01:20]} {[%emt 00:00:11]} Nxd7 {[%clk 00:01:39]} {[%emt 00:00:08]} 37. g4
{[%clk 00:01:28]} {[%emt 00:00:22]} hxg4 {[%clk 00:02:04]} {[%emt 00:00:05]} 38.
hxg4 {[%clk 00:01:56]} {[%emt 00:00:02]} 1-0

[Event "Icelandic Team Championship 2021"]
[Site "Reykjavik"]
[Date "2021.10.02"]
[Round "3.24"]
[White "Thorsteinsson, Erlingur"]
[Black "Johannsson, Birkir Isak"]
[Result "1/2-1/2"]
[WhiteElo "2051"]
[BlackElo "2084"]

1. d3 {[%clk 01:30:36]} {[%emt 00:00:19]} d5 {[%clk 01:30:20]} {[%emt
00:00:40]} 2. g3 {[%clk 01:30:41]} {[%emt 00:00:25]} g6 {[%clk 01:30:09]}
{[%emt 00:00:42]} 3. Bg2 {[%clk 01:31:00]} {[%emt 00:00:11]} Bg7 {[%clk
01:30:21]} {[%emt 00:00:19]} 4. f4 {[%clk 01:31:14]} {[%emt 00:00:16]} Nf6
{[%clk 01:27:21]} {[%emt 00:03:29]} 5. Nf3 {[%clk 01:21:29]} {[%emt 00:10:15]}
b6 {[%clk 01:25:12]} {[%emt 00:02:40]} 6. c4 {[%clk 01:19:51]} {[%emt
00:02:07]} O-O {[%clk 01:17:52]} {[%emt 00:07:50]} 7. Ne5 {[%clk 01:15:33]}
{[%emt 00:04:47]} Bb7 {[%clk 01:16:24]} {[%emt 00:01:58]} 8. Nc3 {[%clk
01:10:22]} {[%emt 00:05:41]} c5 {[%clk 01:11:57]} {[%emt 00:04:57]} 9. O-O
{[%clk 01:08:15]} {[%emt 00:02:37]} e6 {[%clk 01:09:00]} {[%emt 00:03:27]} 10.
e3 {[%clk 01:04:25]} {[%emt 00:04:19]} Nc6 {[%clk 00:56:00]} {[%emt 00:13:30]}
11. cxd5 {[%clk 01:03:14]} {[%emt 00:01:41]} Nxe5 {[%clk 00:54:53]} {[%emt
00:01:37]} 12. fxe5 {[%clk 00:58:41]} {[%emt 00:05:03]} Nxd5 {[%clk 00:54:08]}
{[%emt 00:01:16]} 13. d4 {[%clk 00:56:28]} {[%emt 00:02:42]} Nxc3 {[%clk
00:48:12]} {[%emt 00:06:26]} 14. bxc3 {[%clk 00:56:55]} {[%emt 00:00:03]} Bxg2
{[%clk 00:48:28]} {[%emt 00:00:15]} 15. Kxg2 {[%clk 00:57:14]} {[%emt
00:00:02]} Qd5+ {[%clk 00:48:09]} {[%emt 00:00:58]} 16. Qf3 {[%clk 00:56:46]}
{[%emt 00:00:58]} Qxf3+ {[%clk 00:46:24]} {[%emt 00:02:15]} 17. Rxf3 {[%clk
00:57:10]} {[%emt 00:00:06]} Rfd8 {[%clk 00:38:22]} {[%emt 00:08:32]} 18. Bb2
{[%clk 00:54:52]} {[%emt 00:02:47]} Rac8 {[%clk 00:35:20]} {[%emt 00:03:32]} 19.
Raf1 {[%clk 00:52:53]} {[%emt 00:02:29]} Rd7 {[%clk 00:35:06]} {[%emt
00:00:45]} 20. g4 {[%clk 00:47:08]} {[%emt 00:06:14]} b5 {[%clk 00:34:06]}
{[%emt 00:01:30]} 21. a3 {[%clk 00:42:08]} {[%emt 00:05:29]} a5 {[%clk
00:32:51]} {[%emt 00:01:45]} 22. R3f2 {[%clk 00:40:35]} {[%emt 00:02:03]} Bf8
{[%clk 00:31:58]} {[%emt 00:01:24]} 23. Kf3 {[%clk 00:40:19]} {[%emt 00:00:45]}
b4 {[%clk 00:26:58]} {[%emt 00:05:31]} 24. axb4 {[%clk 00:37:52]} {[%emt
00:02:57]} axb4 {[%clk 00:26:18]} {[%emt 00:01:10]} 25. cxb4 {[%clk 00:38:15]}
{[%emt 00:00:07]} cxd4 {[%clk 00:26:27]} {[%emt 00:00:21]} 26. exd4 {[%clk
00:38:30]} {[%emt 00:00:15]} Bxb4 {[%clk 00:25:52]} {[%emt 00:01:05]} 27. Ke4
{[%clk 00:38:50]} {[%emt 00:00:10]} Rcc7 {[%clk 00:22:52]} {[%emt 00:03:30]}
1/2-1/2

[ePGN "0.1;DGT LiveChess/2.2.5"]